عرض عادي
عرض مارك
- Poetics.
مدخل مصطلح موضوعي
001 - رقم الضبط
- حقل الضبط: 9950
003 - معرف رقم الضبط
- حقل الضبط: OSt
005 - تاريخ ووقت أخر عملية
- حقل الضبط: 20120401201343.0
008 - عناصر بيانات ثابتة الطول
- حقل تحكم ثابت الطول: 120401|||a|||||| | ||| d
040 ## - مصدر الفهرسة
- هيئة الفهرسة الأصلية: OSt
- وكالة الكتابة: OSt
150 ## - مدخل-- مصطلح تاريخي
- عنصر مدخل المصطلح الموضوعي او الاسم الجغرافي: Poetics.
670 ## - بيانات المصدر موجوده
- الاستشهاد بالمصدر: Work cat.: (OSt)1580: Arp, Thomas R. 9949, Perrine's Sound and sense :, c1997.
